[Event "BSB-Open 2008"]
[Site "Bad Neustadt /Saale"]
[Date "2008.08.30"]
[Round "1.4"]
[White "Haase, Reinhard"]
[Black "Heerlein, Gerd"]
[Result "1/2-1/2"]
[WhiteElo "2136"]
[BlackElo "1864"]
[PlyCount "49"]
[EventDate "2008.??.??"]
[WhiteTeam "SC Fulda"]
[BlackTeam "SK 1933 Bad Neustadt"]

1. c4 Nf6 2. Nc3 g6 3. e4 d6 4. d4 Bg7 5. h3 O-O 6. Bg5 Na6 7. Nf3 h6 8. Be3 e5
9. d5 Ne8 10. g4 c5 11. dxc6 $2 (11. Qd2 $16) 11... bxc6 12. Qd2 Kh7 13. c5
Nac7 $2 14. O-O-O d5 15. exd5 cxd5 16. Bg2 Bb7 17. h4 Qc8 18. c6 Bxc6 19. Bc5
Kg8 (19... Rh8) 20. Bxf8 Kxf8 21. Nh2 Qb7 22. Kb1 Rb8 23. Ka1 e4 24. Rb1 Nd6
25. Qc1 (25. Qc1 Nc4 $19) 1/2-1/2

[Event "BSB-Open 2008"]
[Site "Bad Neustadt /Saale"]
[Date "2008.08.30"]
[Round "1"]
[White "Filbry, Lothar"]
[Black "Rost van Tonningen, Otto"]
[Result "1/2-1/2"]
[WhiteElo "1533"]
[BlackElo "2065"]
[PlyCount "64"]
[EventDate "2008.??.??"]
[WhiteTeam "SK 1933 Bad Neustadt"]
[BlackTeam "Den Haag / WD Borbeck"]

1. c4 e6 2. d4 Nf6 3. Bg5 Be7 4. e3 O-O 5. Nf3 b6 6. Bd3 Bb7 7. O-O d6 8. Nbd2
Nbd7 9. Qc2 g6 10. Rfe1 Nh5 11. Bxe7 Qxe7 12. Be4 d5 13. cxd5 exd5 14. Bd3 Rac8
15. Bb5 c6 16. Be2 f5 17. Qa4 a6 18. Qb3 Nhf6 19. Rac1 Kg7 20. a4 b5 21. axb5
cxb5 22. Qa2 Rfe8 23. Rc3 Rxc3 24. bxc3 Rc8 25. Qa5 Qd6 26. Nb3 Ne4 27. Rc1 Qc6
28. Qb4 Qd6 29. Qa5 Kf6 30. Nfd2 Nxd2 31. Nxd2 Qb6 32. Qb4 Qc6 1/2-1/2

[Event "BSB-Open 2008"]
[Site "Bad Neustadt /Saale"]
[Date "2008.08.30"]
[Round "1"]
[White "Kunze, Holger"]
[Black "Seifert, Armin"]
[Result "1-0"]
[WhiteElo "2159"]
[BlackElo "1954"]
[PlyCount "95"]
[EventDate "2008.??.??"]
[WhiteTeam "FC Bayern München e.V."]
[BlackTeam "SC Kitzingen von 1905"]

1. d4 d5 2. c4 e6 3. Nf3 Nf6 4. Bg5 Be7 5. e3 O-O 6. Nc3 Nbd7 7. Rc1 c6 8. Bd3
Re8 9. O-O dxc4 10. Bxc4 Nd5 11. Bxe7 Qxe7 12. Bb3 Nxc3 13. Rxc3 e5 14. Re1 e4
15. Nd2 Nf6 16. Rc5 Bg4 17. Qb1 Rad8 18. Bc2 Rd5 19. Rc3 Rh5 20. b4 Bf5 21. Nf1
Nd5 22. Rb3 a6 23. Ng3 Rg5 24. f4 Rxg3 25. hxg3 g5 26. a3 gxf4 27. exf4 Kh8 28.
g4 Bxg4 29. Rxe4 Qd7 30. Qe1 Rg8 31. Rg3 Nf6 32. Qe3 Nxe4 33. Qxe4 f5 34. Qe5+
Rg7 35. Bb3 h5 36. d5 h4 37. Rd3 h3 38. g3 Kh7 39. d6 Qd8 40. Be6 Qb6+ 41. Qc5
Qd8 42. Bxf5+ Bxf5 43. Qxf5+ Kg8 44. Qe6+ Kf8 45. Kh2 a5 46. d7 axb4 47. axb4
Rh7 48. Rd6 1-0

[Event "BSB-Open 2008"]
[Site "Bad Neustadt /Saale"]
[Date "2008.08.30"]
[Round "1"]
[White "Jussupow, Alexander"]
[Black "Mittermaier, Walter"]
[Result "1-0"]
[WhiteElo "2028"]
[BlackElo "2171"]
[PlyCount "81"]
[EventDate "2008.??.??"]
[WhiteTeam "SK Krumbach"]
[BlackTeam "SAbt TSV Haunstetten"]

1. d4 d5 2. c4 c6 3. e3 Nf6 4. Nf3 e6 5. Nbd2 Be7 6. Bd3 O-O 7. O-O Nbd7 8. b3
b6 9. Bb2 Bb7 10. Rc1 Rc8 11. Ne5 c5 12. f4 g6 13. Qe2 Ne4 14. Nxe4 dxe4 15.
Bb1 f5 16. dxc5 Nxe5 17. Bxe5 bxc5 18. Rfd1 Qe8 19. Rd2 Qc6 20. Rcd1 Rcd8 21.
Rxd8 Rxd8 22. Rxd8+ Bxd8 23. Kf2 Qd7 24. Ba1 Ba5 25. Qb2 Qd2+ 26. Qxd2 Bxd2 27.
Ke2 Bc1 28. Be5 Kf7 29. Bd6 Ba3 30. Bc2 Ke8 31. Bd1 Kd7 32. Be5 Bc1 33. Bc3 Kd6
34. b4 Ba6 35. b5 Bc8 36. a4 Ba3 37. a5 Kc7 38. Kd2 Bd7 39. Ba4 Kb7 40. Kc2 Bc8
41. Bd2 1-0

[Event "BSB-Open 2008"]
[Site "Bad Neustadt /Saale"]
[Date "2008.08.30"]
[Round "1"]
[White "Ingerl, Florian"]
[Black "Lang, Stefan"]
[Result "1-0"]
[WhiteElo "1885"]
[BlackElo "2143"]
[PlyCount "57"]
[EventDate "2008.??.??"]
[WhiteTeam "SC Gröbenzell"]
[BlackTeam "SK 1933 Bad Neustadt"]

1. e4 c5 2. Nf3 Nc6 3. d4 cxd4 4. Nxd4 Nf6 5. Nc3 e5 6. Ndb5 d6 7. Bg5 a6 8.
Na3 b5 9. Bxf6 gxf6 10. Nd5 f5 11. c3 Bg7 12. exf5 Bxf5 13. Nc2 Be6 14. g3 O-O
15. Nce3 f5 16. Bg2 f4 17. gxf4 exf4 18. Nxf4 Rxf4 19. Bxc6 Qh4 20. Qd2 Raf8
21. O-O-O Bxa2 22. Ng2 Bh6 23. Nxh4 Rxh4 24. Rdg1+ Kh8 25. Rg5 Rxf2 26. Qxf2
Bxg5+ 27. Kc2 Rf4 28. Qg3 Bh6 29. b3 1-0

[Event "BSB-Open 2008"]
[Site "Bad Neustadt /Saale"]
[Date "2008.08.30"]
[Round "1.6"]
[White "Pototzky, Daniel"]
[Black "Várkonyi, Miklós"]
[Result "1-0"]
[WhiteElo "2105"]
[BlackElo "1620"]
[PlyCount "95"]
[EventDate "2008.??.??"]
[WhiteTeam "TSV Prichsenstadt"]
[BlackTeam "SK 1933 Bad Neustadt"]

1. e4 c5 2. c3 d6 3. d4 cxd4 4. cxd4 Nc6 5. Nc3 Nf6 6. Bc4 e6 7. Nf3 d5 8. exd5
Nxd5 9. O-O Be7 10. Bb3 O-O 11. Re1 Bf6 12. Ne4 Be7 13. a3 Nf6 14. Ng3 Bd7 15.
Qd3 Bd6 16. Bc2 Bxg3 17. hxg3 Ne7 18. Bg5 Ng6 19. Ne5 Bc6 20. Nxc6 bxc6 21.
Rac1 Rb8 22. b4 Rb5 23. Bxf6 Qxf6 24. Ba4 Rd5 25. Bxc6 Qxd4 26. Qxd4 Rxd4 27.
Red1 Rdd8 28. Rxd8 Rxd8 29. Rc5 Ne7 30. Be4 Rc8 31. Rxc8+ Nxc8 32. Kf1 Kf8 33.
Ke2 f5 34. Bc2 Ke7 35. Kd3 Kd6 36. Kc4 Kc6 37. b5+ Kb6 38. Kb4 a6 39. bxa6 Kxa6
40. Kc5 g6 41. Bb3 e5 42. Bg8 h6 43. Bh7 f4 44. gxf4 exf4 45. Bxg6 Ka5 46. Bc2
Ne7 47. Kd6 Ng8 48. Ke6 1-0

[Event "BSB-Open 2008"]
[Site "Bad Neustadt /Saale"]
[Date "2008.08.31"]
[Round "2.1"]
[White "Jussupow, Alexander"]
[Black "Kunze, Holger"]
[Result "1-0"]
[WhiteElo "2028"]
[BlackElo "2159"]
[PlyCount "41"]
[EventDate "2008.??.??"]
[WhiteTeam "SK Krumbach"]
[BlackTeam "FC Bayern München e.V."]

1. d4 Nf6 2. Nf3 d5 3. e3 c6 4. c4 Bf5 5. Qb3 Qc7 6. cxd5 cxd5 7. Nc3 e6 8. Bd2
Nc6 9. Rc1 Be7 10. Ne5 Nd7 11. Nb5 Qc8 12. Nxc6 bxc6 13. Bb4 Qb7 14. Bxe7 Kxe7
15. Qa3+ Kf6 16. Nd6 Qb6 17. Nxf5 Kxf5 18. Qe7 Nf6 19. Bd3+ Kg5 20. h4+ Kh6 21.
g4 1-0

[Event "BSB-Open 2008"]
[Site "Bad Neustadt /Saale"]
[Date "2008.08.31"]
[Round "2.2"]
[White "Ingerl, Florian"]
[Black "Pototzky, Daniel"]
[Result "1/2-1/2"]
[WhiteElo "1885"]
[BlackElo "2105"]
[PlyCount "35"]
[EventDate "2008.??.??"]
[WhiteTeam "SC Gröbenzell"]
[BlackTeam "TSV Prichsenstadt"]

1. e4 c5 2. Nf3 e6 3. Nc3 Nc6 4. d4 cxd4 5. Nxd4 Qc7 6. g3 a6 7. Bg2 Nf6 8. O-O
Be7 9. Re1 O-O 10. Nxc6 bxc6 11. e5 Nd5 12. Na4 f6 13. c4 Nb6 14. Bf4 fxe5 15.
Bxe5 Qb7 16. Qg4 Rf7 17. Nxb6 Qxb6 18. Bd4 1/2-1/2

[Event "BSB-Open 2008"]
[Site "Bad Neustadt /Saale"]
[Date "2008.08.31"]
[Round "2"]
[White "Herbst, Christoph"]
[Black "Haase, Reinhard"]
[Result "0-1"]
[WhiteElo "2062"]
[BlackElo "2136"]
[PlyCount "90"]
[EventDate "2008.??.??"]
[WhiteTeam "SK 1933 Bad Neustadt"]
[BlackTeam "SC Fulda"]

1. e4 d5 2. exd5 Nf6 3. Nf3 Nxd5 4. d4 Bg4 5. Be2 e6 6. O-O Nc6 7. c4 Nb6 8.
Nc3 Be7 9. d5 exd5 10. cxd5 Bxf3 11. Bxf3 Ne5 12. Be4 O-O 13. Qh5 Ng6 14. Rd1
Bf6 15. Bxg6 fxg6 16. Qe2 Re8 17. Be3 Bxc3 18. bxc3 Qd7 19. c4 Rad8 20. Qc2 Qa4
21. Rac1 Qxc2 22. Rxc2 Re4 23. Bxb6 axb6 24. f3 Re5 25. Rb1 Kf8 26. f4 Re4 27.
g3 Ke7 28. c5 Rxd5 29. cxb6 c5 30. Kf2 Kd6 31. Kf3 Re8 32. a4 Ra8 33. Re2 Rxa4
34. Re8 Rb4 35. Rbe1 Kc6 36. R1e6+ Kb5 37. R8e7 Ka6 38. Rxg7 Rh5 39. Re5 Rb3+
40. Kg4 Rxh2 41. Rxc5 Rg2 42. Rcc7 Rgxg3+ 43. Kh4 h5 44. Rxg6 Rxg6 45. Kxh5 Rg8
0-1

[Event "BSB-Open 2008"]
[Site "Bad Neustadt /Saale"]
[Date "2008.08.31"]
[Round "2"]
[White "Schlefing, Heinz"]
[Black "Filbry, Lothar"]
[Result "1-0"]
[WhiteElo "2106"]
[BlackElo "1533"]
[PlyCount "101"]
[EventDate "2008.??.??"]
[WhiteTeam "Velberter Schachgesellschaft 192"]
[BlackTeam "SK 1933 Bad Neustadt"]

1. e4 c5 2. Nf3 d6 3. Bc4 e6 4. d3 Be7 5. c3 a6 6. O-O Nf6 7. a4 O-O 8. Bb3 Nc6
9. h3 Bd7 10. Be3 b5 11. Nbd2 Qc7 12. Qe2 d5 13. Bg5 dxe4 14. dxe4 c4 15. Bc2
e5 16. Rfd1 h6 17. Be3 Be6 18. Nf1 Rfd8 19. Ng3 Rxd1+ 20. Qxd1 Rd8 21. Qe2 b4
22. Nd2 Na5 23. cxb4 Bxb4 24. Rc1 Bc5 25. Nf5 Bxe3 26. Qxe3 Bxf5 27. exf5 Nd5
28. Qf3 Nf6 29. Ne4 Qb6 30. Nxf6+ Qxf6 31. Qc3 Nb3 32. Re1 Nd4 33. Qxc4 Nxc2
34. Qxc2 Qd6 35. Qc4 Rb8 36. Qc3 f6 37. b3 Qd7 38. Qc4+ Kh7 39. g4 Qd2 40. Re3
Qd1+ 41. Kg2 Qd6 42. Rd3 Qb6 43. Qe6 Qb7+ 44. f3 a5 45. Rd7 Qxb3 46. Qxf6 Qb2+
47. Kg3 Rg8 48. Qg6+ Kh8 49. f6 e4 50. Rxg7 Rxg7 51. Qxg7# 1-0

[Event "BSB-Open 2008"]
[Site "Bad Neustadt /Saale"]
[Date "2008.08.31"]
[Round "2"]
[White "Rost van Tonningen, Otto"]
[Black "Heerlein, Gerd"]
[Result "1-0"]
[WhiteElo "2065"]
[BlackElo "1864"]
[PlyCount "75"]
[EventDate "2008.??.??"]
[WhiteTeam "Den Haag / WD Borbeck"]
[BlackTeam "SK 1933 Bad Neustadt"]

1. Nc3 Nf6 2. e4 d6 3. d4 g6 4. f3 a6 5. a4 b6 6. Be3 Bb7 7. Qd2 c5 8. Nge2 Nc6
9. h3 Bg7 10. d5 Ne5 11. Ng3 h5 12. f4 Ned7 13. Bc4 Qc7 14. O-O h4 15. Nge2 Nh5
16. Bf2 Bf6 17. Kh1 Nf8 18. Qe1 Ng7 19. Ng1 e5 20. fxe5 dxe5 21. Nf3 g5 22. Be3
Nh5 23. Nxg5 Bxg5 24. Bxg5 Ng3+ 25. Kg1 Nxf1 26. Qxf1 Qd6 27. Qf2 Ng6 28. Rf1
Nf4 29. Bxf4 exf4 30. e5 Qh6 31. Ne4 O-O 32. Qxf4 Qxf4 33. Rxf4 Rad8 34. Nf6+
Kg7 35. Rg4+ Kh6 36. Rxh4+ Kg6 37. Rf4 b5 38. Bd3+ 1-0

[Event "BSB-Open 2008"]
[Site "Bad Neustadt /Saale"]
[Date "2008.08.31"]
[Round "2"]
[White "Mittermaier, Walter"]
[Black "Várkonyi, Miklós"]
[Result "1-0"]
[WhiteElo "2171"]
[BlackElo "1620"]
[PlyCount "63"]
[EventDate "2008.??.??"]
[WhiteTeam "SAbt TSV Haunstetten"]
[BlackTeam "SK 1933 Bad Neustadt"]

1. d4 d5 2. Nf3 Nf6 3. c4 c6 4. Nc3 e6 5. e3 Be7 6. Bd3 O-O 7. O-O Nbd7 8. b3
b6 9. Bb2 Bb7 10. Qe2 Re8 11. Rac1 Rc8 12. Rfd1 Bd6 13. Bb1 Bb8 14. g3 Qe7 15.
e4 dxe4 16. Nxe4 Nxe4 17. Qxe4 Nf6 18. Qe2 Bd6 19. Ne5 Ba3 20. Bxa3 Qxa3 21. c5
Red8 22. Qf3 Rxd4 23. Rc4 Rd5 24. Nd3 b5 25. Rf4 e5 26. Rxf6 gxf6 27. Re1 Rcd8
28. Qxf6 Rxd3 29. Bxd3 Rxd3 30. Rxe5 Qc1+ 31. Kg2 h6 32. Re8+ 1-0

[Event "BSB-Open 2008"]
[Site "Bad Neustadt /Saale"]
[Date "2008.08.31"]
[Round "2"]
[White "Lang, Stefan"]
[Black "Seifert, Armin"]
[Result "1-0"]
[WhiteElo "2143"]
[BlackElo "1954"]
[PlyCount "157"]
[EventDate "2008.??.??"]
[WhiteTeam "SK 1933 Bad Neustadt"]
[BlackTeam "SC Kitzingen von 1905"]

1. d4 d5 2. Nf3 Nf6 3. c4 e6 4. Nc3 c6 5. Bg5 Be7 6. e3 Nbd7 7. Qc2 O-O 8. Bd3
Re8 9. O-O-O dxc4 10. Bxc4 Nd5 11. Ne4 h6 12. Bf4 Nxf4 13. exf4 Nf6 14. Nxf6+
Bxf6 15. h4 Qc7 16. Qe4 b5 17. Bd3 Bb7 18. Ne5 c5 19. Qh7+ Kf8 20. Bxb5 cxd4+
21. Kb1 Red8 22. Rc1 Qd6 23. Rc6 Bxc6 24. Nxc6 g6 25. h5 d3 26. hxg6 fxg6 27.
Qxg6 Bg7 28. Rd1 d2 29. f5 exf5 30. Qxf5+ Kg8 31. Nxd8 Rxd8 32. Qc2 Qd4 33.
Qc4+ Kh8 34. Qxd4 Rxd4 35. b3 Kh7 36. Kc2 Kg6 37. Rxd2 Rxd2+ 38. Kxd2 Kf5 39.
Ke3 Ke5 40. Bc4 a5 41. g4 Bf8 42. f4+ Kf6 43. Ke4 Bb4 44. Bb5 Ba3 45. Be8 Bc1
46. Bh5 Bd2 47. f5 Ke7 48. Kd5 Bc3 49. Kc4 Bb4 50. Kb5 Bc3 51. a3 Kd6 52. Kc4
Bb2 53. b4 axb4 54. Kxb4 Kc6 55. a4 Bd4 56. Kc4 Be5 57. Be8+ Kd6 58. Kb5 Bd4
59. a5 Ke7 60. Bc6 Kf6 61. Be8 Ke7 62. Bh5 Kd6 63. Ka6 Kc7 64. Be8 Kd8 65. Bc6
Kc7 66. Bf3 Kb8 67. Kb5 Kc7 68. Kc4 Ba7 69. Kd5 Kd7 70. Be2 Bf2 71. f6 Ke8 72.
Ke6 Kf8 73. Bd3 Be3 74. Bg6 Bf2 75. Kd5 Bg1 76. a6 Bf2 77. Kc6 Bd4 78. f7 Ke7
79. Kb7 1-0

[Event "BSB-Open 2008"]
[Site "Bad Neustadt /Saale"]
[Date "2008.09.01"]
[Round "3"]
[White "Haase, Reinhard"]
[Black "Jussupow, Alexander"]
[Result "1/2-1/2"]
[WhiteElo "2136"]
[BlackElo "2028"]
[PlyCount "68"]
[EventDate "2008.??.??"]
[WhiteTeam "SC Fulda"]
[BlackTeam "SK Krumbach"]

1. c4 e6 2. Nc3 Nf6 3. Nf3 d5 4. d4 b6 5. cxd5 exd5 6. Bg5 Be7 7. e3 Be6 8. Bd3
Nbd7 9. O-O O-O 10. Rc1 c5 11. a3 c4 12. Bb1 h6 13. Bh4 Re8 14. Ne5 Rc8 15. f4
Nxe5 16. dxe5 Ng4 17. Bxe7 Qxe7 18. Qd4 Qc5 19. Nd1 h5 20. h3 Nh6 21. b4 Qxd4
22. exd4 Bf5 23. Nc3 Red8 24. Kf2 Bxb1 25. Rxb1 Nf5 26. g4 Nxd4 27. Rfd1 Ne6
28. Nxd5 Kf8 29. f5 Ng5 30. gxh5 Nxh3+ 31. Kg3 Ng5 32. Kf4 Nh3+ 33. Kg3 Ng5 34.
Kf4 Nh3+ 1/2-1/2

[Event "BSB-Open 2008"]
[Site "Bad Neustadt /Saale"]
[Date "2008.09.01"]
[Round "3"]
[White "Schlefing, Heinz"]
[Black "Ingerl, Florian"]
[Result "1/2-1/2"]
[WhiteElo "2106"]
[BlackElo "1885"]
[PlyCount "52"]
[EventDate "2008.??.??"]
[WhiteTeam "Velberter Schachgesellschaft 192"]
[BlackTeam "SC Gröbenzell"]

1. e4 c5 2. Nf3 d6 3. c3 Nf6 4. d3 b5 5. Be2 Bb7 6. O-O Nbd7 7. Nbd2 g6 8. Re1
Bg7 9. Bf1 O-O 10. d4 b4 11. h3 bxc3 12. bxc3 Qc7 13. Rb1 Rab8 14. d5 Qa5 15.
Rb5 Qc7 16. c4 Ba6 17. Rb3 Rb4 18. Rxb4 cxb4 19. Qa4 Qb7 20. Nb3 Rc8 21. c5
Bxf1 22. c6 Qa6 23. cxd7 Rd8 24. Qxb4 Bb5 25. Nfd4 Bxd7 26. Na5 Rc8 1/2-1/2

[Event "BSB-Open 2008"]
[Site "Bad Neustadt /Saale"]
[Date "2008.09.01"]
[Round "3"]
[White "Pototzky, Daniel"]
[Black "Rost van Tonningen, Otto"]
[Result "1-0"]
[WhiteElo "2105"]
[BlackElo "2065"]
[PlyCount "61"]
[EventDate "2008.??.??"]
[WhiteTeam "TSV Prichsenstadt"]
[BlackTeam "Den Haag / WD Borbeck"]

1. e4 g6 2. d4 Bg7 3. Nc3 c6 4. g3 d5 5. exd5 cxd5 6. Bg2 e6 7. Nf3 Nc6 8. O-O
Nge7 9. Ne2 O-O 10. Nf4 Bd7 11. c3 Rc8 12. Nd3 Na5 13. Bg5 h6 14. Bf4 Bb5 15.
Re1 Bxd3 16. Qxd3 Nc4 17. b3 Nd6 18. Be5 Qb6 19. Rac1 Bxe5 20. Nxe5 Rc7 21. g4
Rfc8 22. Re3 Nb5 23. Qd2 Kg7 24. Rf3 f6 25. Rxf6 Kxf6 26. Qxh6 Nxd4 27. Re1 Ng8
28. Qxg6+ Ke7 29. cxd4 Qxd4 30. Qg7+ Kd6 31. Nf7+ 1-0

[Event "BSB-Open 2008"]
[Site "Bad Neustadt /Saale"]
[Date "2008.09.01"]
[Round "3"]
[White "Kunze, Holger"]
[Black "Mittermaier, Walter"]
[Result "1-0"]
[WhiteElo "2159"]
[BlackElo "2171"]
[PlyCount "75"]
[EventDate "2008.??.??"]
[WhiteTeam "FC Bayern München e.V."]
[BlackTeam "SAbt TSV Haunstetten"]

1. d4 d5 2. c4 c6 3. Nf3 e6 4. e3 f5 5. Be2 Nf6 6. O-O Nbd7 7. b3 Ne4 8. Ba3
Bxa3 9. Nxa3 O-O 10. Qc2 Qe7 11. Nb1 Ndf6 12. Nbd2 Bd7 13. Ne5 Nxd2 14. Qxd2
Be8 15. Bd3 Bh5 16. f4 Ne4 17. Bxe4 fxe4 18. c5 Qh4 19. b4 h6 20. a4 Be8 21.
Qf2 Qxf2+ 22. Rxf2 a6 23. g3 Rc8 24. Rb1 g5 25. Rbf1 Rc7 26. Kg2 Rg7 27. g4 Re7
28. Kg3 Kg7 29. Rh1 gxf4+ 30. Rxf4 Rxf4 31. Kxf4 Bg6 32. Rb1 Be8 33. h4 Kh7 34.
Rg1 Rg7 35. g5 h5 36. Rf1 Rg8 37. Kg3 Kg7 38. Rf6 1-0

[Event "BSB-Open 2008"]
[Site "Bad Neustadt /Saale"]
[Date "2008.09.01"]
[Round "3"]
[White "Heerlein, Gerd"]
[Black "Lang, Stefan"]
[Result "0-1"]
[WhiteElo "1864"]
[BlackElo "2143"]
[PlyCount "70"]
[EventDate "2008.??.??"]
[WhiteTeam "SK 1933 Bad Neustadt"]
[BlackTeam "SK 1933 Bad Neustadt"]

1. Nf3 c5 2. g3 Nc6 3. Bg2 g6 4. O-O Bg7 5. e4 e6 6. d3 Nge7 7. c3 O-O 8. Be3
b6 9. Qc2 Bb7 10. d4 cxd4 11. Nxd4 Rc8 12. Nxc6 Bxc6 13. Rd1 Qc7 14. Bf4 e5 15.
Bg5 f6 16. Be3 Qb7 17. Na3 Rcd8 18. Rd2 h6 19. Rad1 f5 20. f3 Kh7 21. b4 Qa6
22. Qb3 Ba4 23. b5 Bxb3 24. bxa6 Bxd1 25. Rxd1 d5 26. Bxb6 axb6 27. a7 Nc6 28.
Nb5 Rd7 29. Rxd5 Rb7 30. Rd6 Nxa7 31. Nxa7 Rxa7 32. Rxb6 fxe4 33. fxe4 Rxa2 34.
Bh3 Rd8 35. Rb1 Rc2 0-1

[Event "BSB-Open 2008"]
[Site "Bad Neustadt /Saale"]
[Date "2008.09.01"]
[Round "3"]
[White "Seifert, Armin"]
[Black "Herbst, Christoph"]
[Result "1/2-1/2"]
[WhiteElo "1954"]
[BlackElo "2062"]
[PlyCount "28"]
[EventDate "2008.??.??"]
[WhiteTeam "SC Kitzingen von 1905"]
[BlackTeam "SK 1933 Bad Neustadt"]

1. e4 e5 2. Nf3 Nc6 3. Bb5 f5 4. Bxc6 dxc6 5. Nxe5 Qd4 6. Nf3 Qxe4+ 7. Qe2 Nf6
8. d3 Qxe2+ 9. Kxe2 Bd6 10. Re1 O-O 11. Kf1 Nd5 12. a3 c5 13. Bd2 b6 14. Nc3
Bb7 1/2-1/2

[Event "BSB-Open 2008"]
[Site "Bad Neustadt /Saale"]
[Date "2008.09.01"]
[Round "3"]
[White "Várkonyi, Miklós"]
[Black "Filbry, Lothar"]
[Result "1/2-1/2"]
[WhiteElo "1620"]
[BlackElo "1533"]
[PlyCount "35"]
[EventDate "2008.??.??"]
[WhiteTeam "SK 1933 Bad Neustadt"]
[BlackTeam "SK 1933 Bad Neustadt"]

1. e4 c5 2. Nf3 d6 3. d4 cxd4 4. Nxd4 Nf6 5. Nc3 a6 6. a4 e6 7. Be2 Bd7 8. Be3
Nc6 9. f4 Be7 10. Qd2 O-O 11. Bf3 Qc7 12. Nxc6 Bxc6 13. Qf2 Nd7 14. O-O Bf6 15.
g4 Bxc3 16. bxc3 Rac8 17. h4 b6 18. Qg2 1/2-1/2

[Event "BSB-Open 2008"]
[Site "Bad Neustadt /Saale"]
[Date "2008.09.01"]
[Round "4.1"]
[White "Jussupow, Alexander"]
[Black "Pototzky, Daniel"]
[Result "0-1"]
[WhiteElo "2028"]
[BlackElo "2105"]
[PlyCount "88"]
[EventDate "2008.??.??"]
[WhiteTeam "SK Krumbach"]
[BlackTeam "TSV Prichsenstadt"]

1. d4 Nf6 2. Nf3 g6 3. Bf4 Bg7 4. e3 O-O 5. h3 d5 6. c4 c5 7. Nc3 cxd4 8. exd4
Nc6 9. c5 Ne4 10. Bb5 Nxd4 11. Nxd4 e5 12. Be3 Nxc3 13. bxc3 Qa5 14. a4 Qxc3+
15. Kf1 exd4 16. Rc1 Qb4 17. Bd2 Qa3 18. Qe1 a6 19. Bb4 Qb3 20. Rb1 Qc2 21. Rc1
Qe4 22. Be2 Re8 23. Qd2 Bf5 24. Re1 Qc2 25. g4 Qxd2 26. Bxd2 Be4 27. f3 Bc2 28.
Bd1 Rxe1+ 29. Kxe1 Bxd1 30. Kxd1 Rc8 31. Bb4 Bf8 32. Rh2 a5 33. Bxa5 Rxc5 34.
Bb4 Rc4 35. Bxf8 Kxf8 36. Rb2 Rxa4 37. Rxb7 Ra2 38. Rd7 Rf2 39. Rxd5 Rxf3 40.
Rxd4 Rxh3 41. Ke2 Rh4 42. Ra4 Kg7 43. Kf3 h5 44. Ra7 Rxg4 0-1

[Event "BSB-Open 2008"]
[Site "Bad Neustadt /Saale"]
[Date "2008.09.01"]
[Round "4.3"]
[White "Lang, Stefan"]
[Black "Schlefing, Heinz"]
[Result "1/2-1/2"]
[WhiteElo "2143"]
[BlackElo "2106"]
[PlyCount "103"]
[EventDate "2008.??.??"]
[WhiteTeam "SK Germering/Upf."]
[BlackTeam "Velberter Schachgesellschaft 192"]

1. d4 d6 2. Nf3 Nd7 3. c4 e5 4. Nc3 Ngf6 5. e4 Be7 6. Be2 O-O 7. h3 h6 8. Be3
Re8 9. Qc2 c6 10. O-O Qc7 11. Rac1 Bf8 12. d5 c5 13. a3 a6 14. b4 b6 15. Nh4 g6
16. Qd2 Kh7 17. g4 Ng8 18. Kh2 f6 19. Ng2 g5 20. h4 Ne7 21. Rh1 Bg7 22. Kg3 Kg8
23. h5 Bb7 24. Rb1 Reb8 25. Rb3 Bf8 26. Rhb1 Nc8 27. Qb2 Ra7 28. Ne1 Ba8 29.
bxc5 dxc5 30. a4 Nd6 31. Qc1 Nb7 32. Bd2 Na5 33. R3b2 Bd6 34. Nd1 Nb7 35. Ne3
Nd8 36. Nf5 Nf7 37. Rb3 a5 38. Nc2 Bb7 39. Na3 Ba6 40. R1b2 Rab7 41. Qb1 Bf8
42. Nb5 Bxb5 43. Rxb5 Ra7 44. R5b3 Nd6 45. Nxd6 Bxd6 46. Rf3 Kg7 47. Rf5 Rbb7
48. Rb3 Be7 49. Rff3 Nb8 50. Rb5 Na6 51. Rfb3 Nb4 52. Rb2 1/2-1/2

[Event "BSB-Open 2008"]
[Site "Bad Neustadt /Saale"]
[Date "2008.09.01"]
[Round "4.4"]
[White "Rost van Tonningen, Otto"]
[Black "Ingerl, Florian"]
[Result "1/2-1/2"]
[WhiteElo "2065"]
[BlackElo "1885"]
[PlyCount "34"]
[EventDate "2008.??.??"]
[WhiteTeam "Den Haag / WD Borbeck"]
[BlackTeam "SC Gröbenzell"]

1. d4 Nf6 2. Nf3 e6 3. Bf4 b6 4. e3 Bb7 5. Nbd2 Bd6 6. Bd3 Bxf4 7. exf4 O-O 8.
O-O Nd5 9. g3 f5 10. c3 Rf6 11. Re1 Rh6 12. Qe2 Nc6 13. Rad1 Nf6 14. Ba6 Bxa6
15. Qxa6 Qe8 16. Qd3 Qh5 17. h4 Ne7 1/2-1/2

[Event "BSB-Open 2008"]
[Site "Bad Neustadt /Saale"]
[Date "2008.09.01"]
[Round "4.5"]
[White "Mittermaier, Walter"]
[Black "Herbst, Christoph"]
[Result "1/2-1/2"]
[WhiteElo "2171"]
[BlackElo "2062"]
[PlyCount "44"]
[EventDate "2008.??.??"]
[WhiteTeam "SAbt TSV Haunstetten"]
[BlackTeam "SK 1933 Bad Neustadt"]

1. d4 Nf6 2. Nf3 d5 3. c4 e6 4. Nc3 Nbd7 5. cxd5 exd5 6. Bg5 Be7 7. e3 c6 8.
Bd3 h6 9. Bh4 Ne4 10. Bxe7 Qxe7 11. O-O O-O 12. Re1 f5 13. Qc2 Nd6 14. b4 a6
15. a4 Nf6 16. Ne5 Qe8 17. f3 Nd7 18. f4 Ne4 19. Nxd7 Bxd7 20. Bxe4 fxe4 21. a5
Qe7 22. Rab1 Rf7 1/2-1/2

[Event "BSB-Open 2008"]
[Site "Bad Neustadt /Saale"]
[Date "2008.09.01"]
[Round "4.6"]
[White "Filbry, Lothar"]
[Black "Seifert, Armin"]
[Result "0-1"]
[WhiteElo "1533"]
[BlackElo "1954"]
[PlyCount "124"]
[EventDate "2008.??.??"]
[WhiteTeam "SK 1933 Bad Neustadt"]
[BlackTeam "SC Kitzingen von 1905"]

1. c4 Nf6 2. Nc3 e6 3. d4 d5 4. cxd5 exd5 5. Bg5 Be7 6. e3 Nbd7 7. Nf3 O-O 8.
Be2 c6 9. O-O Re8 10. Qc2 Ne4 11. Bxe7 Qxe7 12. Nd2 Ndf6 13. Ndxe4 Nxe4 14.
Nxe4 dxe4 15. Rac1 Qg5 16. Qc5 Bf5 17. h3 Rad8 18. Kh2 a6 19. Qb4 Bc8 20. Rc5
Qe7 21. Qc3 Qd6+ 22. Kh1 Be6 23. Rg5 Bxa2 24. b3 Qf6 25. Ra5 Bb1 26. Ra1 Bd3
27. Bxd3 exd3 28. Rad1 Rd5 29. Rxd3 Red8 30. b4 h6 31. f3 Qd6 32. Rc1 f5 33.
Qc4 Kh7 34. f4 Rb5 35. Rb3 Re8 36. Ra1 Re6 37. Ra5 Qe7 38. Rxb5 axb5 39. Qd3
Qh4 40. Qxf5+ Rg6 41. Qb1 Qf2 42. Qg1 Qc2 43. Rb1 Rxg2 44. Qxg2 Qxb1+ 45. Kh2
Qxb4 46. Qe4+ g6 47. Qe5 Qf8 48. Qc7+ Qg7 49. Qb6 Qf7 50. Kg3 h5 51. Qc5 Qe6
52. Qc3 b6 53. Qd3 b4 54. e4 b5 55. d5 cxd5 56. exd5 Qe1+ 57. Kf3 Qc3 58. Ke2
Qxd3+ 59. Kxd3 Kg7 60. Kc2 Kf6 61. Kb3 Ke7 62. Kxb4 Kd6 0-1

[Event "BSB-Open 2008"]
[Site "Bad Neustadt /Saale"]
[Date "2008.09.01"]
[Round "4.7"]
[White "Heerlein, Gerd"]
[Black "Várkonyi, Miklós"]
[Result "1/2-1/2"]
[WhiteElo "1864"]
[BlackElo "1620"]
[PlyCount "82"]
[EventDate "2008.??.??"]
[WhiteTeam "SK 1933 Bad Neustadt"]
[BlackTeam "SK 1933 Bad Neustadt"]

1. Nf3 Nf6 2. g3 c5 3. Bg2 Nc6 4. O-O g6 5. d3 d5 6. Nbd2 Bg7 7. e4 dxe4 8.
dxe4 e5 9. c3 O-O 10. Qe2 h6 11. a4 Be6 12. Nc4 Qc7 13. Nfd2 a6 14. Ne3 Rfd8
15. f4 exf4 16. gxf4 Na5 17. Ra3 Rab8 18. f5 Bc8 19. fxg6 fxg6 20. Nd5 Nxd5 21.
exd5 c4 22. Ne4 Rf8 23. Be3 Rxf1+ 24. Qxf1 Bf5 25. Qf2 Re8 26. Bb6 Qe5 27. Nc5
Nb3 28. Nxb3 cxb3 29. Rxb3 Be4 30. c4 Bxg2 31. Qxg2 Qe1+ 32. Qf1 Qd2 33. Rd3
Qxb2 34. Be3 Be5 35. Rd2 Qc3 36. Qd3 Kg7 37. Qxc3 Bxc3 38. Rd3 Bf6 39. Bd4 Rc8
40. Bxf6+ Kxf6 41. Rc3 Ke5 1/2-1/2